Communicating in groups and terms (Record no. 1715686)

MARC details
000 -LEADER
fixed length control field 00496nam a22001817a 4500
005 - DATE AND TIME OF LATEST TRANSACTION
control field 20260318123008.0
008 - FIXED-LENGTH DATA ELEMENTS--GENERAL INFORMATION
fixed length control field 260318b |||||||| |||| 00| 0 eng d
037 ## - SOURCE OF ACQUISITION
Terms of availability DSWL
040 ## - CATALOGING SOURCE
Original cataloging agency DSWL
Transcribing agency DSWL
041 ## - LANGUAGE CODE
Language code of original eng
100 ## - MAIN ENTRY--PERSONAL NAME
Personal name Lumsden, Gay
9 (RLIN) 1132449
245 ## - TITLE STATEMENT
Title Communicating in groups and terms
260 ## - PUBLICATION, DISTRIBUTION, ETC.
Place of publication, distribution, etc. Belmont,
Name of publisher, distributor, etc. Wadsworth Publication,
Date of publication, distribution, etc. 1977
300 ## - PHYSICAL DESCRIPTION
Extent 435p
700 ## - ADDED ENTRY--PERSONAL NAME
Personal name D Lumsden
9 (RLIN) 1132450
942 ## - ADDED ENTRY ELEMENTS (KOHA)
Source of classification or shelving scheme Colon Classification (CC)
Koha item type Textual
Suppress in OPAC No
Holdings
Withdrawn status Lost status Source of classification or shelving scheme Damaged status Not for loan Home library Current library Date acquired Source of acquisition Inventory number Total Checkouts Barcode Date last seen Price effective from Koha item type
    Colon Classification (CC)     Department of Social Work Library Department of Social Work Library 2017-01-24 Manju Lata Kumar Gifted   SW0032129 2026-03-18 2026-03-18 Textual
Copyright @ Delhi University Library System